000 01137cam a22003257a 4500
003 CHAP
005 20220329142652.0
008 010920d2001 mx r 00110 spa d
010 _a86260
011 _a87232
035 _a97775
040 _cCHAP
090 _aTesis
100 0 0 _aAldaco Iñiguez, Marco Antonio.
_93668
245 1 0 _aExtracción de pectina de tejocote por medio de resinas de intercambio iónico
_c/por Marco Antonio Aldaco Iñiguez
260 _aIrapuatao, Gto. :
_bEl autor,
_c1997.
300 _a67 h. ; cuadros
502 _aTesis (Ing. en Alimentos) -- Universidad de Guanajuato. Instituto de Ciencias Agrícolas
590 _aALEPH
_b10
_c20130110
_lUCH01
_h1449
590 _aBATCH-UPD
_b10
_c20130110
_lUCH01
_h0730
590 _aBATCH-UPD
_b10
_c20130410
_lUCH01
_h0413
590 _aBATCH-UPD
_b10
_c20130913
_lUCH01
_h2359
590 _aCONVERSION
_b10
_c20130109
_lUCH01
_h1348
650 1 4 _aIntercambio iónico.
_959524
650 1 4 _aTejocote
_xPectina en.
_9112061
901 _aBK
905 _aAlejandra Carrasco M.
942 _cTESIS
949 _aTesis
_bBC
_cTES
_d33724000878377
_eTS1
_h39969
_i97775
_sb
999 _c86260
_d86260